[Event "7th Cattolica Open-B 2020"]
[Site "Cattolica"]
[Date "2020.09.01"]
[Round "2.10"]
[White "Palozza, Flavio"]
[Black "Giovannini, Roberto"]
[Result "1-0"]
[WhiteElo "1619"]
[BlackElo "1893"]
[Annotator "NA RC"]
[PlyCount "187"]
[EventDate "2020.08.31"]
[EventType "swiss"]
[EventCountry "ITA"]
[SourceTitle "playchess.com"]
[Source "ChessBase"]
[SourceQuality "1"]
[TimeControl "5400+30"]

{[%evp 12,187,13,-47,32767,32767,32767,32767,32767,32767,32767,83,75,75,223,254,264,202,197,199,187,185,201,215,207,201,201,172,182,165,193,198,238,239,240,245,237,235,223,235,245,229,32767,32767,32767,32767,32767,32767,32767,32767,32767,32767,32767,32767,32767,32767,32767,256,246,32767,32767,32767,32767,32767,32767,32767,32767,32767,32767,32767,32767,32767,32767,409,427,357,464,537,437,430,580,32767,308,32767,32767,32767,32767,32767,32767,32767,32767,32767,32767,32767,32767,32767,32767,247,289,224,377,836,377,266,264,254,297,264,255,250,361,276,270,206,213,252,368,422,393,364,339,377,378,272,358,280,296,348,358,378,391,758,872,7813,1702,7372,12840,29970,29972,29975,29973,0,29974,29966,29972,29969,29973,29973,29974,0,29974,29975,29984,29985,29985,29986,29987,29988,29988,29989,29990,29989,29997,29990,29997,29991,29992,29989,29990,29985,29985,4133,29986,29987,29989,5097,29990,29989]} 1. e4 {[%emt 0:00:00]} c5 {[%emt 0:00:20]} 2. c3 {[%emt 0:00:00]} d5 {[%emt 0:00:07]} 3. exd5 {[%emt 0:00:00]} Qxd5 {[%emt 0:00:10]} 4. d4 {[%emt 0:00:00]} Nf6 {[%emt 0:01:37]} 5. Nf3 {[%emt 0:00:00]} Bg4 {[%emt 0:00:20]} 6. Be2 {[%emt 0:00:00]} e6 {[%emt 0:00:24]} 7. O-O {[%emt 0:00:25]} (7. Kf1 {[%emt 1:33:30]}) 7... cxd4 {[%emt 0:00:46]} 8. cxd4 {[%emt 0:00:09]} Be7 {[%emt 0:00:58]} 9. Nc3 {[%emt 0:00:28]} Qd8 {[%emt 0:00:14] B22: Sicilian: 2 c3.} 10. Qb3 {[%emt 0:02:46]} Qb6 {[%emt 0:01:36]} 11. Qxb6 {[%emt 0:03:20]} axb6 {[%emt 0:00:10]} 12. Bb5+ {[%emt 0:00:16]} Nbd7 $2 {[%emt 0:05:42]} (12... Nc6 $14) 13. Ne5 {[%emt 0:01:36] [#]} Rd8 $146 {[%emt 0:01:15]} ({Predecessor:} 13... Bh5 14. g4 Bg6 15. g5 O-O-O 16. gxf6 Nxf6 17. Be3 Bd6 18. Rac1 Kb8 19. Bg5 h6 20. Nxg6 hxg5 21. Nxh8 Rxh8 {1-0 (55) Homola,U-Grossberger,J Baden 2012}) 14. Bxd7+ {[%emt 0:04:08]} Rxd7 {[%emt 0:00:21]} 15. Nxd7 {[%emt 0:00:18]} Kxd7 {[%emt 1:23:30]} 16. Bg5 {[%emt 0:02:59]} Rc8 {[%emt 0:00:00]} 17. Rac1 {[%emt 0:03:11]} h6 {[%emt 0:00:00]} 18. f3 {[%emt 0:12:03]} Bf5 {[%emt 0:00:00]} 19. Bh4 {[%emt 0:11:34]} g5 {[%emt 0:00:00]} 20. Bg3 {[%emt 0:06:13]} h5 {[%emt 0:00:00]} 21. Be5 {[%emt 0:04:55]} Ne8 {[%emt 0:00:00]} 22. Na4 {[%emt 0:05:42]} Bd8 {[%emt 0:00:00]} 23. Rxc8 {[%emt 0:02:03]} Kxc8 {[%emt 0:00:00]} 24. Nc3 {[%emt 0:03:38]} f6 {[%emt 0:00:00]} 25. Bg3 {[%emt 0:01:29]} Kd7 {[%emt 0:05:00]} 26. f4 {[%emt 0:07:29]} h4 {[%emt 0:00:00]} 27. Bf2 {[%emt 0:00:25]} h3 {[%emt 0:00:00]} 28. fxg5 {[%emt 0:02:44]} fxg5 {[%emt 0:00:00]} 29. Bg3 {[%emt 0:02:16]} Nf6 {[%emt 0:00:00]} 30. gxh3 {[%emt 0:03:54]} Bxh3 {[%emt 0:00:00]} 31. Re1 {[%emt 0:01:30]} Be7 {[%emt 0:00:00]} 32. a3 {[%emt 0:01:14]} Nh5 {[%emt 0:00:00]} 33. b4 {[%emt 0:10:09]} Nf4 {[%emt 0:00:00]} 34. Bxf4 {[%emt 0:04:10]} gxf4 {[%emt 0:00:00]} 35. Re4 {[%emt 0:01:30]} Bg5 {[%emt 0:00:00]} 36. d5 {[%emt 0:02:20]} Kd6 {[%emt 0:00:00]} 37. dxe6 {[%emt 0:00:58]} Bxe6 {[%emt 0:00:00]} 38. Re1 {[%emt 0:01:13]} Bh4 {[%emt 0:00:00]} 39. Re4 {[%emt 0:00:56]} Bg5 {[%emt 0:00:00]} 40. Kf2 {[%emt 0:00:49]} Bf5 {[%emt 0:00:00]} 41. Re8 {[%emt 0:01:40]} Kd7 {[%emt 0:08:00]} 42. Rg8 {[%emt 0:00:00]} Bf6 {[%emt 0:00:00]} 43. Ne2 {[%emt 0:00:00]} Be5 {[%emt 0:00:00]} 44. Rg5 {[%emt 0:00:39]} Ke6 {[%emt 0:00:00]} 45. Kf3 {[%emt 0:00:14]} Kf6 {[%emt 0:00:00]} 46. Rg1 {[%emt 0:00:45]} (46. h4 $142) 46... Bd7 {[%emt 0:00:00]} 47. Nxf4 {[%emt 0:00:20]} Kf5 {[%emt 0:03:00]} 48. Nd3 {[%emt 0:00:47]} Bc6+ {[%emt 0:00:00]} 49. Ke3 {[%emt 0:00:37]} Bxh2 {[%emt 0:00:00]} 50. Rf1+ {[%emt 0:00:10]} Ke6 {[%emt 0:00:00]} 51. Nf4+ {[%emt 0:00:37]} Kd6 {[%emt 0:02:00]} 52. Rd1+ {[%emt 0:00:25]} Ke5 {[%emt 0:00:00]} 53. Nd3+ Ke6 {[%emt 0:01:00]} 54. Kd4 {[%emt 0:01:05]} Kd6 {[%emt 0:00:30]} 55. Re1 {[%emt 0:00:35]} Bb5 $2 {[%emt 0:00:00]} (55... b5 56. Nc5 Bf4 57. Re6+ Kc7) 56. Rh1 {[%emt 0:00:33]} Bg3 {[%emt 0:00:00]} 57. Rh6+ $2 {[%emt 0:00:10]} (57. Rh3 Bxd3 58. Kxd3) 57... Kc7 {[%emt 0:00:00]} 58. Ne5 {[%emt 0:00:48]} Ba4 {[%emt 0:00:33]} 59. Rh7+ {[%emt 0:00:36]} Kb8 {[%emt 0:01:12]} 60. Nc4 {[%emt 0:00:27]} Bb5 {[%emt 0:00:35]} (60... Bc6 $142 61. Rg7 Bf2+ 62. Kd3 Ka7) 61. Nd2 {[%emt 0:00:37]} Bc6 {[%emt 0:00:20]} 62. Kc4 {[%emt 0:00:23]} Bf4 {[%emt 0:00:17]} 63. Nb3 {[%emt 0:00:33]} Bg2 {[%emt 0:00:53]} (63... b5+ $142 64. Kc3 Ka7) 64. Nd4 {[%emt 0:00:28]} Bf1+ {[%emt 0:00:33]} 65. Kb3 {[%emt 0:00:30]} Be3 {[%emt 0:00:05]} 66. Nc2 {[%emt 0:00:30]} Bg5 {[%emt 0:00:22]} 67. a4 {[%emt 0:00:31]} Bd3 {[%emt 0:00:19]} 68. Rg7 {[%emt 0:01:10]} Bf6 {[%emt 0:00:33]} 69. Rf7 {[%emt 0:00:00]} Be5 {[%emt 0:00:35]} 70. Na3 {[%emt 0:00:24]} Bh2 {[%emt 0:01:03]} 71. Nb5 {[%emt 0:01:06]} Bxb5 {[%emt 0:00:29]} 72. axb5 {[%emt 0:00:00]} Be5 {[%emt 0:00:16]} 73. Kc4 {[%emt 0:01:00]} Bg3 {[%emt 0:00:14]} 74. Re7 {[%emt 0:00:30]} Bf4 {[%emt 0:00:41]} 75. Kd5 {[%emt 0:00:00]} Bd2 {[%emt 0:00:42]} 76. Kc4 $2 {[%emt 0:00:13]} (76. Re4 {mates} Kc7 77. Kc4 Kb8 78. Rg4 Be3 79. Kd5 Kc7 80. Ke6 Bh6 81. Ke7) 76... Bf4 $1 {[%emt 0:00:20]} 77. Rh7 {[%emt 0:00:28]} Bd2 {[%emt 0:00:28]} 78. Rg7 {[%emt 0:00:08]} Bh6 $11 {[%emt 0:00:37]} 79. Rf7 {[%emt 0:01:41]} (79. Rg6 Be3) 79... Bd2 {[%emt 0:00:39]} 80. Rg7 $2 {[%emt 0:00:00]} (80. Rf2 {mates} Be1 81. Rf7 Kc8 82. Rf6 Kc7 83. Re6 Bg3 84. Kd5 Kc8 85. Rxb6) 80... Bf4 $2 {[%emt 0:00:17]} 81. Kd5 {[%emt 0:01:00]} Bd2 {[%emt 0:00:08]} 82. Kd6 {[%emt 0:00:00]} Bxb4+ {[%emt 0:00:09] [#]} 83. Kd7 $1 {[%emt 0:00:00]} Bc5 {[%emt 0:00:53]} 84. Rg8+ {[%emt 0:00:04]} Ka7 {[%emt 0:00:10]} 85. Kc8 {[%emt 0:00:08]} Bd4 {[%emt 0:00:30]} 86. Rf8 {[%emt 0:00:06]} Bc5 {[%emt 0:00:36] [#]} 87. Rf7 $1 {[%emt 0:00:04]} Ka8 {[%emt 0:01:21]} 88. Rxb7 {[%emt 0:00:16]} Bd4 {[%emt 0:00:27]} 89. Kc7 {[%emt 0:00:32]} Bc5 {[%emt 0:00:32]} 90. Rxb6 {[%emt 0:01:52]} Bxb6+ {[%emt 0:00:06]} 91. Kxb6 {[%emt 0:00:03]} Kb8 {[%emt 0:00:07] [#]} 92. Ka6 $1 {[%emt 0:00:09]} Ka8 {[%emt 0:00:12]} 93. b6 {[%emt 0:00:06]} Kb8 {[%emt 0:00:58]} 94. b7 {[%emt 0:00:06]} 1-0

[Event "7th Cattolica Open-B 2020"]
[Site "Cattolica"]
[Date "2020.09.02"]
[Round "3.2"]
[White "Beliman, Alexandro"]
[Black "Frescura, Davide"]
[Result "1-0"]
[WhiteElo "1732"]
[BlackElo "1916"]
[Annotator "TA"]
[PlyCount "115"]
[EventDate "2020.08.31"]
[EventType "swiss"]
[EventCountry "ITA"]
[SourceTitle "playchess.com"]
[Source "ChessBase"]
[SourceQuality "1"]

{[%evp 19,115,6,6,5,6,-23,-10,-11,-17,-20,5,3,126,140,128,121,137,125,210,202,627,627,617,598,681,668,725,646,636,638,946,665,1445,996,2452,1062,990,782,1066,780,764,783,782,778,755,760,743,709,802,791,823,770,826,795,839,818,780,749,764,637,1052,1040,1008,1008,934,916,979,933,12846,437,352,346,434,437,288,185,12835,12836,12836,12836,12845,12846,12846,12846,29993,29994,29994,12850,12851,29987,12851,27999,27999,27999,27997,27997,27998,27998]} 1. e4 c5 2. Nc3 Nc6 3. g3 g6 4. Bg2 Bg7 5. d3 d6 6. Be3 e6 7. Qd2 Nge7 8. Bh6 O-O 9. h4 Bxh6 10. Qxh6 f6 $1 11. Nge2 {B26: Closed Sicilian: 3 g3, lines with early Be3.} Rb8 {[#]} 12. g4 $146 ({Predecessor:} 12. Qd2 e5 13. f4 Bg4 14. Bh3 Bxh3 15. Rxh3 Qd7 16. Rh2 Nd4 17. Nxd4 exd4 18. Nd1 {½-½ (52) Gunnesdal,L (2074)-Svendsen,B (2231) Norway 2018}) 12... Ne5 13. Qf4 {The position is equal.} b5 {[%cal Bb7b5,Bb5b4][%mdl 32]} 14. Qg3 b4 15. Nd1 f5 (15... g5 $11 {remains equal.}) 16. gxf5 $16 exf5 17. h5 $36 {[%mdl 2048] White is on the roll.} fxe4 18. dxe4 Qe8 (18... g5 $16) 19. Ne3 $18 Bg4 $2 (19... Ba6 20. Nf4 Qf7) 20. Nxg4 Nxg4 21. Qxg4 Qf7 22. f4 d5 23. exd5 Nf5 24. hxg6 Qf6 25. Qh5 {[%csl Gg6,Gh1][%cal Rh5h7]} h6 26. Be4 {Threatens to win with Bxf5.} Qxb2 27. Kf2 Nd6 28. Bd3 {Strongly threatening g7.} c4 29. Qxh6 {[%csl Gd3,Gg6,Gh1][%cal Rh6h7]} Qg7 30. Qh7+ Qxh7 31. gxh7+ Kh8 32. Bg6 Rf6 33. Bh5 a5 34. Bg4 a4 35. Rab1 b3 36. cxb3 axb3 37. axb3 cxb3 38. Rhc1 Rb4 39. Bf3 Nc4 40. Rxc4 {[%mdl 64] [#] Deflection} Rxc4 41. Rxb3 Kxh7 42. Ke3 Kg7 43. Rc3 Rfxf4 44. Rd3 (44. Rxc4 $142 Rxc4 45. Nd4) 44... Rf8 45. Nd4 Re8+ 46. Be4 Kf6 47. Kf4 Ke7 $2 (47... Ra4 48. d6 Rd8) 48. Ke5 Kd7+ 49. Ne6 Ra4 50. Rc3 {[%csl Ge6][%cal Rc3c7]} Ra7 51. Bd3 Rb7 {[#]} 52. Bb5+ $1 {[%mdl 512]} Ke7 (52... Rxb5 53. Rc7#) 53. Bxe8 (53. Rg3 $142 Rg8 54. Rxg8 Rxb5 55. Rg7+ Ke8 56. Kf6 Rb7 57. Rg8+ Kd7 58. Rd8#) 53... Kxe8 54. Rc8+ Kf7 55. Rc7+ Rxc7 {White mates.} 56. Nxc7 Ke7 57. d6+ Kd7 58. Kd5 {Black got outplayed after the opening. Accuracy: White = 73%, Black = 32%.} 1-0

[Event "7th Cattolica Open-B 2020"]
[Site "Cattolica"]
[Date "2020.09.02"]
[Round "3.3"]
[White "Ismayilov, Ulvi"]
[Black "Vitaliani, Marco"]
[Result "1/2-1/2"]
[WhiteElo "1713"]
[BlackElo "1911"]
[Annotator "TA"]
[PlyCount "82"]
[EventDate "2020.08.31"]
[EventType "swiss"]
[EventCountry "ITA"]
[SourceTitle "playchess.com"]
[Source "ChessBase"]
[SourceQuality "1"]

{[%evp 14,82,0,-6,0,-36,5,6,18,-11,102,100,112,98,129,61,67,64,53,46,71,0,0,-54,-50,-57,-50,-103,-76,-79,-62,-83,-43,-64,-64,-64,-63,-62,-52,-43,-42,-112,-112,-112,-102,-154,-157,-220,-213,-186,-181,-181,-170,-299,-315,-415,-288,-281,-21,-21,-21,-21,-21,-141,-139,-168,-168,-168,0,-108,-73]} 1. e4 e6 2. d4 d5 3. Nc3 Nf6 4. e5 Nfd7 5. Nce2 c5 6. c3 Nc6 7. Nf3 {now supersedes 7.f4.} Be7 8. g3 O-O {C11: French: Classical System: 4 e5 and 4 Bg5 dxe4.} 9. Bg2 cxd4 10. cxd4 f6 {[#] The position is equal.} 11. Nf4 $146 ({Predecessor:} 11. exf6 Nxf6 12. O-O Bd7 13. Bg5 Qb6 14. Ne5 Nxe5 15. dxe5 Ng4 16. Bxe7 Rxf2 17. Qd4 Rxe2 18. Qxb6 Rxg2+ 19. Kxg2 axb6 {½-½ (49) Grimaldi,A (1956)-Palma,M (2137) Spoleto 2019}) 11... Nb6 (11... Ndxe5 $11 12. dxe5 fxe5) 12. O-O $16 f5 13. h4 Qe8 14. h5 ({Better is} 14. Ng5 $16 Bd8 15. Nf3) 14... Qf7 15. a3 Bd7 16. b3 a5 {[%cal Ba7a5,Ba5a4][%mdl 32]} 17. Re1 (17. a4 $16) 17... a4 $1 $11 18. Re3 (18. bxa4 $11 Na5 19. Bd2) 18... Na5 $15 19. b4 Nb3 20. Rb1 (20. Ra2 $15) 20... Nc4 21. Rc3 Rac8 22. Bf1 Nb6 23. Bb2 Rxc3 24. Bxc3 Rc8 $36 {[%mdl 2048] Black is pushing.} 25. Bb2 Nc4 26. Bxc4 Rxc4 27. Nd2 (27. Bc1 $1 $15) 27... Nxd2 $17 28. Qxd2 Bg5 29. Rc1 {[#]} (29. Qd1 $142) 29... Qxh5 $1 {[%mdl 512]} 30. Rxc4 (30. Kg2 $17) (30. Nxh5 Bxd2) 30... dxc4 $19 31. d5 Qf3 32. Qd4 Bxf4 $1 33. dxe6 (33. Qxf4 $142 Qd1+ 34. Kh2) 33... Bxe6 34. Qd8+ Kf7 {[#] aiming for ...Bd5.} 35. gxf4 {Now Qc7+ and White clings on.} Bd5 $2 ({But not} 35... Qxf4 36. Qc7+ Kg6 37. Qxb7 $19) (35... h6 $19 36. Qd4 h5) 36. e6+ $1 $11 Bxe6 37. Qc7+ Ke8 {White should prevent ...Qd1+.} 38. Qe5 (38. Qb8+ $11 Kd7 39. Be5) 38... Qg4+ 39. Kf1 Qd1+ 40. Kg2 Qg4+ $2 ({Black should try} 40... Qd5+ $19 41. Qxd5 Bxd5+ 42. f3 g6) 41. Kh2 (41. Kf1 $11 Qd1+ 42. Kg2 Qd5+ 43. Qxd5 Bxd5+ 44. Kf1) 41... Qh5+ {Accuracy: White = 53%, Black = 65%.} 1/2-1/2

[Event "7th Cattolica Open-B 2020"]
[Site "Cattolica"]
[Date "2020.09.02"]
[Round "3.4"]
[White "Pizzoferrato, Mattia"]
[Black "Saviane, Giorgio"]
[Result "0-1"]
[WhiteElo "1854"]
[BlackElo "1643"]
[Annotator "NA RC"]
[PlyCount "62"]
[EventDate "2020.08.31"]
[EventType "swiss"]
[EventCountry "ITA"]
[SourceTitle "playchess.com"]
[Source "ChessBase"]
[SourceQuality "1"]
[TimeControl "5400+30"]

{[%evp 13,62,-52,-35,-31,-20,32767,32767,32767,32767,-82,-64,-71,-76,-108,-108,-111,-116,-102,-108,-105,32767,32767,32767,32767,32767,-158,-122,-196,-159,-189,-225,32767,32767,32767,32767,32767,32767,32767,32767,-266,-181,-258,-171,32767,32767,32767,32767,-803,-870,-817,-976]} 1. e4 {[%emt 0:00:00]} e5 {[%emt 0:00:00]} 2. Nf3 {[%emt 0:00:00]} Nc6 {[%emt 0:00:01]} 3. Bc4 {[%emt 0:00:00]} Bc5 {[%emt 0:00:52]} 4. O-O {[%emt 0:00:00]} Nf6 {[%emt 0:00:26]} 5. d4 {[%emt 0:00:26]} Bxd4 {[%emt 0:03:09]} 6. Nxd4 {[%emt 0:00:08]} Nxd4 {[%emt 0:00:14] C50: Hungarian Defence and Giuoco Pianissimo.} 7. Be3 {[%emt 0:00:07] 7.Bg5 is the modern continuation.} Nc6 {[%emt 0:00:23]} 8. f4 {[%emt 0:01:26]} Qe7 {[%emt 0:02:08]} 9. Nc3 {[%emt 0:06:23]} exf4 {[%emt 0:06:22]} 10. Rxf4 {[%emt 0:00:14] [#]} d6 $146 {[%emt 0:00:13]} ({Predecessor:} 10... Ne5 11. Bb3 d6 12. h3 Be6 13. Qe2 O-O 14. Raf1 Nfd7 15. Nd5 Bxd5 16. Bxd5 c6 {0-1 (40) Takle,D (2181)-Lie,E (2471) Fagernes 2013}) 11. Qe1 {[%emt 0:11:57]} Ne5 {[%emt 0:17:13]} 12. Nd5 {[%emt 0:08:25]} Nxd5 {[%emt 0:02:28]} 13. Bxd5 {[%emt 0:00:11]} O-O {[%emt 0:10:20]} 14. Qg3 {[%emt 0:03:28]} Be6 {[%emt 0:06:01]} 15. Bd4 {[%emt 0:05:43]} c5 {[%emt 0:19:32]} 16. Bc3 {[%emt 0:02:54]} f6 {[%emt 0:02:14]} 17. Qh3 {[%emt 0:06:12]} Bxd5 {[%emt 0:02:32]} 18. exd5 {[%emt 0:00:24]} Ng6 {[%emt 0:00:35]} 19. Rf5 {[%emt 0:10:56]} Qe4 {[%emt 0:02:14]} 20. Raf1 {[%emt 0:07:22]} (20. Rf2 $17 {might work better.}) 20... Rae8 {[%emt 0:01:53]} 21. R1f2 {[%emt 0:11:00]} b5 {[%emt 0:02:09]} 22. a3 {[%emt 0:02:45]} Qe3 {[%emt 0:05:46]} 23. R5f3 {[%emt 0:01:36]} Qc1+ {[%emt 0:01:29]} 24. Rf1 {[%emt 0:00:01]} Qxc2 {[%emt 0:00:08]} 25. Qd7 {[%emt 0:00:16]} Re2 {[%emt 0:00:30]} 26. Rg3 {[%emt 0:01:32]} (26. R3f2 $17 {was the only defense.}) 26... a6 {[%emt 0:03:07]} 27. h4 {[%emt 0:03:21]} (27. h3 {was necessary.}) 27... Qe4 {[%emt 0:04:51]} 28. h5 {[%emt 0:03:02]} Qh4 {[%emt 0:00:40]} 29. Rh3 {[%emt 0:00:28]} Qg5 {[%emt 0:00:08]} 30. g4 $2 {[%emt 0:02:12] [#]} (30. Rf2 Rxf2 31. Kxf2) 30... Nf4 $1 {[%emt 0:00:54]} 31. Rxf4 {[%emt 0:06:15]} Qxf4 $19 {[%emt 0:00:07]} 0-1

[Event "7th Cattolica Open-B 2020"]
[Site "Cattolica"]
[Date "2020.09.02"]
[Round "3.5"]
[White "Guglielmi, Dante"]
[Black "Urbani, Gabriel"]
[Result "0-1"]
[WhiteElo "1727"]
[BlackElo "1737"]
[Annotator "NA RC"]
[PlyCount "128"]
[EventDate "2020.08.31"]
[EventType "swiss"]
[EventCountry "ITA"]
[SourceTitle "playchess.com"]
[Source "ChessBase"]
[SourceQuality "1"]
[TimeControl "5400+30"]

1. c4 {[%emt 0:00:00]} e6 {[%emt 0:00:01]} 2. Nf3 {[%emt 0:00:00]} d5 {[%emt 0:00:23]} 3. e3 {[%emt 0:00:08]} Nf6 {[%emt 0:00:32]} 4. b3 {[%emt 0:00:20]} Be7 {[%emt 0:02:30]} 5. Be2 {[%emt 0:00:15]} O-O {[%emt 0:00:41]} 6. O-O {[%emt 0:00:00]} Nbd7 {[%emt 0:01:27]} 7. Bb2 {[%emt 0:00:17]} b6 {[%emt 0:01:06]} 8. Nc3 {[%emt 0:02:08]} Bb7 {[%emt 0:01:07]} 9. Rc1 {[%emt 0:01:20]} c5 {[%emt 0:01:10]} 10. d4 {[%emt 0:02:07]} Rc8 {[%emt 0:03:09]} 11. cxd5 {[%emt 0:20:21]} Nxd5 {[%emt 0:06:33]} 12. Nxd5 {[%emt 0:01:54]} Bxd5 {[%emt 0:00:49]} 13. Ba6 {[%emt 0:02:50]} Rb8 {[%emt 0:01:13]} 14. Qe2 {[%emt 0:03:02]} Bd6 {[%emt 0:10:40]} 15. Rfd1 {[%emt 0:02:40]} Qe7 {[%emt 0:15:18]} 16. e4 {[%emt 0:09:13]} Ba8 {[%emt 0:02:07]} 17. Bc4 {[%emt 0:13:04]} Bf4 {[%emt 0:07:18]} 18. Rc2 {[%emt 0:04:33]} cxd4 {[%emt 0:04:05]} 19. Nxd4 {[%emt 0:05:21]} Nc5 {[%emt 0:01:22]} 20. f3 {[%emt 0:05:44]} Rbd8 {[%emt 0:04:14]} 21. Bc1 {[%emt 0:02:37]} Bb8 {[%emt 0:01:35]} 22. Be3 {[%emt 0:01:34]} Qd6 {[%emt 0:00:44]} 23. f4 {[%emt 0:02:05]} Nxe4 {[%emt 0:00:00]} 24. Rcc1 {[%emt 0:01:05]} Qe7 {[%emt 0:07:50]} 25. Bb5 {[%emt 0:02:26]} e5 {[%emt 0:01:15]} 26. fxe5 {[%emt 0:07:27]} Qxe5 {[%emt 0:00:17]} 27. g3 {[%emt 0:02:22]} Nc5 {[%emt 0:06:57]} 28. Bc6 {[%emt 0:03:44]} Rxd4 {[%emt 0:05:21]} 29. Bxa8 {[%emt 0:00:16]} Rxd1+ {[%emt 0:00:28]} 30. Rxd1 {[%emt 0:00:07]} h6 {[%emt 0:03:25]} 31. Qf2 {[%emt 0:04:46]} Ne4 {[%emt 0:08:58]} 32. Qf3 {[%emt 0:00:13]} Ng5 {[%emt 0:00:06]} 33. Bxg5 {[%emt 0:01:49]} Qxg5 {[%emt 0:00:05]} 34. Bd5 {[%emt 0:00:32]} Bd6 {[%emt 0:00:53]} 35. Qe4 {[%emt 0:00:32]} Rd8 {[%emt 0:01:30]} 36. Qc4 {[%emt 0:00:28]} Qe7 {[%emt 0:00:41]} 37. Rf1 {[%emt 0:00:26]} Rf8 {[%emt 0:00:21]} 38. Kg2 {[%emt 0:00:28]} Bc5 {[%emt 0:00:21]} 39. Qe4 {[%emt 0:00:41]} Qxe4+ {[%emt 0:00:32]} 40. Bxe4 {[%emt 0:00:06]} Re8 {[%emt 0:00:08]} 41. Bd5 {[%emt 0:00:25]} Re7 {[%emt 0:00:09]} 42. a4 {[%emt 0:00:26]} Kf8 {[%emt 0:00:13]} 43. Bc6 {[%emt 0:00:38]} Re2+ {[%emt 0:00:32]} 44. Kh3 {[%emt 0:00:17]} f6 {[%emt 0:00:05]} 45. Rd1 {[%emt 0:00:31]} a5 {[%emt 0:00:16]} 46. Bb5 {[%emt 0:00:16]} Rb2 {[%emt 0:00:22]} 47. Bc4 {[%emt 0:00:19]} g5 {[%emt 0:00:13]} 48. Rh1 {[%emt 0:01:32]} h5 {[%emt 0:00:33]} 49. Bd5 {[%emt 0:00:21]} Kg7 {[%emt 0:00:26]} 50. Bc4 {[%emt 0:00:39]} Kh6 {[%emt 0:00:15]} 51. Be6 {[%emt 0:00:31]} g4+ {[%emt 0:00:51]} 52. Bxg4 {[%emt 0:00:29]} hxg4+ {[%emt 0:00:05]} 53. Kxg4 {[%emt 0:00:10]} Rxb3 {[%emt 0:00:05]} 54. Kf5 {[%emt 0:00:24]} Bd4 {[%emt 0:05:43]} 55. Rd1 {[%emt 0:00:18]} Rb4 {[%emt 0:00:00]} 56. h3 {[%emt 0:00:33]} Rxa4 {[%emt 0:00:00]} 57. g4 {[%emt 0:00:12]} Rc4 {[%emt 0:00:00]} 58. h4 {[%emt 0:00:18]} a4 {[%emt 0:00:00]} 59. g5+ {[%emt 0:00:25]} fxg5 {[%emt 0:00:00]} 60. hxg5+ {[%emt 0:00:07]} Kg7 {[%emt 0:00:00]} 61. Re1 {[%emt 0:00:25]} a3 {[%emt 0:00:00]} 62. Re7+ {[%emt 0:00:20]} Kf8 {[%emt 0:00:00]} 63. Ra7 {[%emt 0:00:09]} Rc5+ {[%emt 0:00:00]} 64. Ke4 {[%emt 0:00:44]} Ra5 {[%emt 0:00:00]} 0-1

[Event "7th Cattolica Open-B 2020"]
[Site "Cattolica"]
[Date "2020.09.02"]
[Round "3.6"]
[White "Magnaterra, Michele"]
[Black "Palozza, Flavio"]
[Result "1-0"]
[WhiteElo "1524"]
[BlackElo "1619"]
[Annotator "NA RC"]
[PlyCount "81"]
[EventDate "2020.08.31"]
[EventType "swiss"]
[EventCountry "ITA"]
[SourceTitle "playchess.com"]
[Source "ChessBase"]
[SourceQuality "1"]
[TimeControl "5400+30"]

1. d4 {[%emt 0:00:00]} Nf6 {[%emt 0:00:00]} 2. c4 {[%emt 0:00:00]} e6 {[%emt 0:00:00]} 3. Nc3 {[%emt 0:00:00]} Bb4 {[%emt 0:00:00]} 4. Qc2 {[%emt 0:00:00]} b6 {[%emt 0:00:00]} 5. a3 {[%emt 0:00:37]} Bxc3+ {[%emt 0:00:17]} 6. Qxc3 {[%emt 0:00:02]} Bb7 {[%emt 0:00:33]} 7. Bg5 {[%emt 0:07:46]} h6 {[%emt 0:02:36]} 8. Bh4 {[%emt 0:00:35]} g5 {[%emt 1:30:34]} 9. Bg3 {[%emt 0:00:17]} Ne4 {[%emt 0:00:00]} 10. Qc2 f5 {[%emt 0:00:00]} 11. e3 d6 {[%emt 0:01:30]} 12. f3 {[%emt 1:26:43]} Nxg3 {[%emt 0:00:00]} 13. hxg3 {[%emt 0:00:00]} Qf6 {[%emt 0:00:00]} 14. Bd3 {[%emt 0:00:00]} O-O {[%emt 0:00:00]} 15. O-O-O {[%emt 0:00:00]} Nc6 {[%emt 0:00:00]} 16. Kb1 {[%emt 0:00:00]} Ne7 {[%emt 0:00:00]} 17. g4 {[%emt 0:00:00]} fxg4 {[%emt 0:00:00]} 18. fxg4 {[%emt 0:00:00]} Qg7 {[%emt 0:00:00]} 19. Nf3 {[%emt 0:00:00]} Rf6 {[%emt 0:00:00]} 20. Be4 {[%emt 0:00:00]} Bxe4 {[%emt 0:00:00]} 21. Qxe4 {[%emt 0:00:00]} Raf8 {[%emt 0:00:00]} 22. Rh3 {[%emt 0:00:00]} Qg6 {[%emt 0:00:00]} 23. Qxg6+ {[%emt 0:00:00]} Rxg6 {[%emt 0:00:00]} 24. Rdh1 {[%emt 0:00:00]} Kg7 {[%emt 0:00:00]} 25. Kc2 {[%emt 0:00:00]} Ng8 {[%emt 0:00:00]} 26. Kd3 {[%emt 0:00:00]} Nf6 {[%emt 0:00:00]} 27. Rg3 {[%emt 0:00:00]} Rd8 {[%emt 0:00:00]} 28. e4 {[%emt 0:00:00]} Rf8 {[%emt 0:00:00]} 29. e5 {[%emt 0:00:00]} Nd7 {[%emt 0:00:00]} 30. Re1 {[%emt 0:00:00]} Rf4 {[%emt 0:00:00]} 31. Re4 {[%emt 0:00:00]} a6 {[%emt 0:03:07]} 32. Ke3 {[%emt 0:00:00]} Rxe4+ {[%emt 0:02:02]} 33. Kxe4 {[%emt 0:10:30]} Kf7 34. b4 {[%emt 0:00:00]} Ke7 {[%emt 0:01:08]} 35. Rh3 {[%emt 0:00:00]} a5 {[%emt 0:02:44]} 36. bxa5 {[%emt 0:00:00]} bxa5 {[%emt 0:00:01]} 37. Rh1 {[%emt 0:00:00]} Nb6 {[%emt 0:00:47]} 38. Kd3 {[%emt 0:00:00]} Kd7 {[%emt 0:01:36]} 39. Rb1 {[%emt 0:00:00]} d5 {[%emt 0:01:19]} 40. cxd5 {[%emt 0:00:00]} Nxd5 {[%emt 0:01:46]} 41. Rb5 {[%emt 0:00:00]} 1-0